00687nam a22002171 4500001001300000003000400013005001700017008004100034010001700075025002000092050001600112082001000128100003200138245006900170260010300239300002600342350000900368504003000377650004500407999001700452sa 68017182 DLC20260227112700.0820311s1967 ii a b 00010 eng  asa 68017182  aPL480:I-E-101300 aND1640b.A50 a751.610aAgrawal, Om Prakash,d1931-13aAn introduction to preservation of paintingsc[by] O.P. Agrawal.0 aBaroda,bDept. of Museology, Faculty of Fine Arts, Maharaja Sayajirao University of Baroda,c1967. a40 p.billus.c25 cm. a2.50 aBibliography: p. [39]-40. 0aPaintingxConservation and preservation. c87567d87567